000 00485 a2200157 4500
003 OSt
005 20230929111654.0
008 230929b |||||||| |||| 00| 0 eng d
020 _a9788126519361
040 _cOCLC
082 _a510
_bREM/A
245 _aANTON /BIVENS /DAVIS & KREYZIG'S LINEAR ALGEBRA AND CALCULUS FOR KTU Ist semester
_cAdapted by Dr. Remadevi S
260 _bWiley,
_c2019.
300 _a403 p
942 _2ddc
_cBK
_h510
_iREM/A
_k510
_mREM/A
999 _c42398
_d42398